Devine la chanson #5 - Statistiques

Statistiques générales
  • Ce quiz a été pris 166 fois
  • Le résultat moyen est 190 sur 337
Statistiques - réponses
Paroles % Correct
à
96%
a
96%
je
96%
Je
96%
le
93%
la
89%
de
87%
De
87%
Il
87%
et
86%
Et
86%
les
84%
Les
84%
me
82%
un
82%
Un
82%
Des
76%
des
76%
nous
76%
te
76%
Pour
74%
que
72%
une
72%
dans
71%
Dans
71%
70%
qui
69%
En
68%
vie
68%
Mais
67%
Tous
63%
tous
63%
avec
62%
va
62%
au
58%
Comme
57%
comme
57%
Sans
57%
S.O.S.
51%
sur
51%
beauté
50%
cours
50%
cris
50%
mer
50%
raccroche
49%
Tout
48%
Quand
47%
Daniel Balavoine
46%
dire
46%
Tous les cris les S.O.S
46%
l'eau
45%
sens
45%
airs
44%
Partent
44%
beau
43%
bruit
43%
mots
43%
Dont
42%
plus
41%
fou
40%
puis
40%
saoule
40%
y
40%
peu
39%
sont
39%
m'entourent
38%
j'envoie
37%
jeter
37%
leur
37%
vide
37%
Qu'on
36%
seul
36%
trace
36%
comprendre
35%
détresse
35%
écumes
35%
font
35%
Écrit
34%
lire
34%
tresses
34%
monde
33%
rochers
33%
vagues
33%
bouteilles
32%
corps
32%
espère
32%
faire
32%
l'air
32%
laissent
32%
pourra
32%
travers
32%
l'encre
31%
nouées
31%
ramènent
31%
désert
30%
lianes
30%
verre
30%
vides
30%
dessine
29%
j'ai
29%
J'ai
29%
Pris
29%
vaisseau
29%
ceux
28%
Reste
28%
d'étoile
27%
stress
27%
Disparaissent
26%
messages
26%
luttent
24%
rien
24%
tant
24%
dernier
23%
espoir
23%
larmes
23%
secours
23%
était
22%
passé
22%
clair
21%
d'amour
21%
Difficile
21%
faiblesse
21%
d'appeler
20%
morceaux
20%
pierres
20%
bouts
19%
Contre
18%
d'étoiles
18%
Étouffent
18%
oppressent
18%
ramassé
18%
drames
17%
recollé
17%
faudrait
16%
changer
15%
héros
15%
Aucun quiz correspondant
Distribution des résultats
% des personnes avec chaque résultat
Percentile par nombre de réponses
Votre historique - résultats
Vous n’avez pas pris ce quiz